1957 1530 1772 1626 1000 1257 1576 1323 1408 1725 1600 1915 1058 1446 1520 1911 1458 1317 1185 1058 1032 1438 1737 1329 1964 1859 1569 1595 1212 1337 1346 1209 1689 1033 1469 1059 1407 1109 1258 1289 1492 1785 1922 1688 1420 1867 1273 1569 1602 1837 1694 1572 1394 1244 1120 1874 1682 1673 1037 1737 1385 1222 1679 1621 1394 1351 1354 1189 1605 1400 1968 1337 1931 1251 1370 1425 1590 1414 1439 1550 1493 1922 1825 1594 1545 1155 1267 1161 1503 1165 1400 1630 1238 1259 1078 1511 1711 1418 1544 BCNSPRNW ULIB Ver.6.0+V

เปลี่ยนเป็นภาษาไทย

Change to English
 แสดงรายละเอียดบรรณานุกรม
  กลับหน้าหลัก

Brief Record : Get Marc (ISO 2709) : E-mail record : QR code < ปิดหน้าต่าง
LEADER : 00000nam 2200000uu 4500
001    13399120789
003     ULIB
008    121017s2551||||th 000 0 tha d
020    9789744915412
050  4 BF481^bล711ย
100 0  ลูกปัด
245 00 ยิ้มให้กับชีวิต^cลูกปัด
260    กรุงเทพฯ :^b ใยไหม,^c2551
945    ^p159^l0^i024424
999    ^aใช้งานได้ทุกระบบ
รายการนี้ยังไม่มีแท็ก
คุณยังไม่ได้ล็อกอิน คุณสามารถมีกิจกรรมร่วมกับเว็บไซต์ได้ แต่ต้องล็อกอินก่อน ::
  ล็อกอิน

รายการสื่อสารสนเทศ

ลำดับที่ ประเภท เลขเรียก/บาร์โค้ด สถานที่ สถานะ
1. การศึกษาทั่วไป
การศึกษาทั่วไป
BF481 ล711ย  
  Barcode: 024424
ห้องสมุดวิทยาเขตสวรรค์ประชารักษ์
►หนังสือทั่วไป
บนชั้น

BibComment


ยังไม่เคยถูกคอมเมนท์

คอมเมนท์ทรัพยากรรายการนี้
  คอมเมนท์: ยิ้มให้กับชีวิต ล..


 Copyright 2026. Bcnsprnw @Library